A R Krashnashastri (Record no. 115906)
[ view plain ]
| 000 -LEADER | |
|---|---|
| fixed length control field | 00884nam a2200301Ia 4500 |
| 003 - CONTROL NUMBER IDENTIFIER | |
| control field | OSt |
| 005 - DATE AND TIME OF LATEST TRANSACTION | |
| control field | 20250210103935.0 |
| 008 - FIXED-LENGTH DATA ELEMENTS--GENERAL INFORMATION | |
| fixed length control field | 210210b2006 xxu||||| |||| 00| 0 eng d |
| 020 ## - INTERNATIONAL STANDARD BOOK NUMBER | |
| International Standard Book Number | 817302863X |
| 040 ## - CATALOGING SOURCE | |
| Transcribing agency | AL |
| 041 ## - LANGUAGE CODE | |
| Language code of text/sound track or separate title | Kannada |
| 082 ## - DEWEY DECIMAL CLASSIFICATION NUMBER | |
| Classification number | K894.9 PRAE |
| 100 ## - MAIN ENTRY--PERSONAL NAME | |
| Personal name | PRADHAN GURUDATTA Ed |
| Dates associated with a name | ಪ್ರಧಾನ್ ಗುರುದತ್ತ |
| 9 (RLIN) | 198668 |
| 245 ## - TITLE STATEMENT | |
| Title | A R Krashnashastri |
| Remainder of title | ಎ ಅರ್ ಕೃಷ್ಣಶಾಸ್ತ್ರಿ |
| 260 ## - PUBLICATION, DISTRIBUTION, ETC. | |
| Place of publication, distribution, etc. | Bengaluru |
| Name of publisher, distributor, etc. | Navakaranataka Prakashana |
| Date of publication, distribution, etc. | 2006 |
| 300 ## - PHYSICAL DESCRIPTION | |
| Extent | 108 |
| 650 ## - SUBJECT ADDED ENTRY--TOPICAL TERM | |
| Topical term or geographic name entry element | Vi |
| 9 (RLIN) | 198669 |
| 650 ## - SUBJECT ADDED ENTRY--TOPICAL TERM | |
| Topical term or geographic name entry element | Shridhara |
| 9 (RLIN) | 198670 |
| 650 ## - SUBJECT ADDED ENTRY--TOPICAL TERM | |
| Topical term or geographic name entry element | Krashnashastri |
| 9 (RLIN) | 198671 |
| 650 ## - SUBJECT ADDED ENTRY--TOPICAL TERM | |
| Topical term or geographic name entry element | E |
| 9 (RLIN) | 198672 |
| 650 ## - SUBJECT ADDED ENTRY--TOPICAL TERM | |
| Topical term or geographic name entry element | by |
| 9 (RLIN) | 198673 |
| 650 ## - SUBJECT ADDED ENTRY--TOPICAL TERM | |
| Topical term or geographic name entry element | Bi |
| 9 (RLIN) | 198674 |
| 650 ## - SUBJECT ADDED ENTRY--TOPICAL TERM | |
| Topical term or geographic name entry element | Ar |
| 9 (RLIN) | 198675 |
| 690 ## - LOCAL SUBJECT ADDED ENTRY--TOPICAL TERM (OCLC, RLIN) | |
| Topical term or geographic name as entry element | Kannada Criticism |
| 9 (RLIN) | 198676 |
| 700 ## - ADDED ENTRY--PERSONAL NAME | |
| Personal name | B V Shridhara |
| Dates associated with a name | ಬಿ ವಿ ಶ್ರೀಧರ |
| 9 (RLIN) | 198677 |
| 906 ## - LOCAL DATA ELEMENT F, LDF (RLIN) | |
| a | 061841 |
| 942 ## - ADDED ENTRY ELEMENTS (KOHA) | |
| Source of classification or shelving scheme | Dewey Decimal Classification |
| Koha item type | Book |
| Withdrawn status | Lost status | Source of classification or shelving scheme | Damaged status | Not for loan | Collection code | Home library | Current library | Date acquired | Source of acquisition | Cost, normal purchase price | Total Checkouts | Full call number | Barcode | Date last seen | Price effective from | Koha item type |
|---|---|---|---|---|---|---|---|---|---|---|---|---|---|---|---|---|
| Dewey Decimal Classification | Kannada | St Aloysius Library | St Aloysius Library | 02/17/2021 | Navakarnataka Publication Pvt Ltd., Mangalore. | 60.00 | K894.9 PRAE | 061841 | 02/17/2021 | 02/17/2021 | Book |